Metódy ocenenia zásob

Použitá metóda ocenenia úbytku zásob má vplyv na majetok vykázaný v súvahe, na náklady vo výkaze ziskov a strát a na peňažné toky. V praxi sa používa niekoľko metód ocenenia úbytku zásob. Príspevok zobrazuje ako použité metódy ocenenia úbytku zásob ovplyvnia jednotlivé finančné ukazovatele.

Guardado en:
Detalles Bibliográficos
Autor principal: Kubaščíková, Zuzana, 1982-
Formato: Capítulo de libro
Lenguaje:eslovaco
Materias:
Etiquetas: Agregar Etiqueta
Sin Etiquetas, Sea el primero en etiquetar este registro!

MARC

LEADER 00000naa$a2200000$$$4500
001 0113944
005 20240502072252.2
041 0 |a slo 
044 |a SK 
245 1 0 |a Metódy ocenenia zásob  |c Zuzana Kubaščíková 
520 |a Použitá metóda ocenenia úbytku zásob má vplyv na majetok vykázaný v súvahe, na náklady vo výkaze ziskov a strát a na peňažné toky. V praxi sa používa niekoľko metód ocenenia úbytku zásob. Príspevok zobrazuje ako použité metódy ocenenia úbytku zásob ovplyvnia jednotlivé finančné ukazovatele. 
610 2 0 |a oceňovanie ekonomické 
610 2 0 |a metódy 
610 2 0 |a zásoby 
610 2 0 |a ukazovatele finančné 
610 2 0 |a majetok podnikový 
610 2 0 |a ceny 
610 2 0 |a podnik 
610 2 0 |a analýzy 
100 1 |a Kubaščíková, Zuzana, 1982-